000 01685nam a2200529 i 4500
001 5866
003 KOSZ 005
005 20210111144212.0
008 010222s1976 pl a f f |000 0 pol
015 _aUWD 1977/502
035 _a991015713749705066
035 _a(PL-WaBN)b1422852x-48omnis_nlop
035 _ab1422852x
035 _a(OCoLC)830222929
035 _a(PL)b0000001422852
035 _a(EXLNZ-48OMNIS_NETWORK)9910455421905606
040 _aWA N
_cWA N
_dKOSZ 005/HR
041 0 _apol
046 _k1968
080 _a631.4
080 _a631.6
080 _a626.8
080 _a(075.8)
100 1 _aŚwięcicki, Czesław
_d(1911-1997)
_eAutor
245 1 0 _aGleboznawstwo melioracyjne /
_cCzesław Święcicki.
250 _aWyd. 2.
260 _aWarszawa :
_bPaństwowe Wydawnictwo Naukowe,
_c1976.
300 _a321 s. :
_bil., tab., wykr. ;
_c24 cm.
336 _aTekst
_btxt
_2rdacontent
337 _aBez urządzenia pośredniczącego
_bn
_2rdamedia
338 _aWolumin
_bnc
_2rdacarrier
380 _aKsiążki
380 _aPublikacje dydaktyczne
385 _mPoziom nauczania
_aSzkoły wyższe
388 _a1901-2000
388 _a1945-1989
504 _aBibliogr.
521 8 _aPodręcznik dla studentów akademii rolniczych.
650 7 _aGleboznawstwo
_2DBN
650 7 _aMelioracje rolne
_2DBN
655 7 _aPodręczniki akademickie
_2DBN
658 _aRolnictwo i leśnictwo
710 2 _aPaństwowe Wydawnictwo Naukowe
_4pbl
856 _uhttp://koha.tu.koszalin.pl/cgi-bin/koha/opac-detail.pl?biblionumber=5866
_yKatalog online BPK
942 _2UKD
_cKS
999 _c5866
_d5866